Регионална библиотека "Любен Каравелов" - Русе

Освобождението на България (Запис номер 57270)

MARC детайли
000 -Лидер
Контролно поле с фиксирана дължина 01432nam a2200313 c 4500
003 - Код на организацията, давaща контролен номер
Контролно поле BLK
005 - Дата и час на последна редакция
Контролно поле 20250129005523.0
008 - Елементи от данни с фиксирана дължина
fixed length control field 180408b bul|||||r ||||||| ||bul||
010 ## - Наследен системен номер
LC control number KNG00061265000
040 ## - Източник на каталожния запис
Идентификатор на билиотеката - собственик на записа BLK
041 ## - Код за език
Код за езика на текст/звукозапис или на отделно заглавие Български
Код за езика КДБФ Български
080 ## - УДК
Текстов определител УДК Период на кризата на феодализма, зараждане на капиталистически отношения. Възраждане на българския народ (II пол. на ХVIII в. - 1878 г.)
УДК код - определител по УДК 94(497.2)"1750/1878"
УДК определител (061.3)
УДК - код + определител 94(497.2)"1750/1878"(061.3)
139 ## - Редно поле
Редна дума Освобождението на България
Авторски знак Осв - О 78
245 10 - Сведения за заглавието
Заглавие Освобождението на България
Подзаглавни данни Материали от Юбил. междунар. науч. сес. в София 28. II. - 2. III. 1978 г.
Редно поле (дума) ред. кол. Христо Христов.
257 ## - Страна на издаване
Страна на създаване/издаване България
260 ## - Област на издателските данни
-- София
Име на издателя, разпространителя и проч. БАН
Година на издаване 1982
300 ## - Физическа характеристика
Страници 302 с.
Размери/Мащаб 25 см
380 ## - Жанр
Жанр История
650 #7 - Допълнително описание по предмет – тема
Основно описание – тема или топоним Руско-турска освободителна война 1877 - 1878
Източник на редна или ключова дума
9 (RLIN) 170039
653 ## - Ключова дума – ненормативна
Ключова дума Освобождение на България
653 ## - Ключова дума – ненормативна
Ключова дума конференции
700 1# - Други автори (авторска отговорност)
Лично име Христов, Христо
Автороска отговорност (Описва отношението между автора и произведението) ред. кол.
9 (RLIN) 363654
852 ## - Местоположение
Форматна сигнатура Цб 113942
856 4# - Електронен адрес и достъп
Електронен формат pdf - файл
Път до файла /url/
856 4# - Електронен адрес и достъп
Електронен формат pdf - файл
Път до файла /url/
942 ## - АРТИКУЛИ
Вид на библиотечния материал Книги
Скрит в OPAC Не
944 ## - СЪЗДАВАНЕ И РЕДАКЦИЯ на ЗАПИСА
Създаване/Редакция Създаване
Дата на регистрацията/редакция 13.06.2004
Служител, извършил регистрацията/редакцията
Статус, дата на статуса CRON CRON
944 ## - СЪЗДАВАНЕ И РЕДАКЦИЯ на ЗАПИСА
Създаване/Редакция Редакция
Дата на регистрацията/редакция 02.09.2015
Служител, извършил регистрацията/редакцията Валя_Йорданова
999 ## - СИСТЕМНИ КОНТРОЛНИ НОМЕРА
Koha biblionumber 57270
Koha biblioitemnumber 57270
Наличности
Код за отписване Код за изгубен артикул Източник на класификационната схема Код за повреда Коз за рестрикции Код за отдаване Артикулен № Име на библиотеката - собственик Име на библиотеката, в която се намира в момента Статус (Текущо местоположение) Дата на вписване в системата Местоположение - отдел Цена в лева Инвентарен номер Систематично азбучна сигнатура Баркод Номер на екземпляра Цена в евро Служебна бележка Служебен тип на артикула
  Не е изгубен Universal Decimal Classification Не е повреден без рестрикции ползва се в читалня 92461 Регионална библиотека "Любен Каравелов" Русе Регионална библиотека "Любен Каравелов" Русе Хранилище 1982-01-01 Хранилище 3.91 348725 Цб 113942 900000012535 1 2.00 Дост: Dp Вид: Д N: Сф Дата: 01.01.1982 Книги
  Не е изгубен Universal Decimal Classification Не е повреден без рестрикции заемане за дома 92462 Регионална библиотека "Любен Каравелов" Русе Регионална библиотека "Любен Каравелов" Русе Заемна - подръчен фонд 1982-01-01 Заемна - подръчен фонд 3.91 349973 П 94(497.2)"1877/1878"/О 78 120000349973 2 2.00 N: Сф Дата: 01.01.1982 Дата инв: 08.02.2018 Бележки инв: П2018 Книги
Vip Innovations Ltd, Rousse, Bulgaria 2025